| 000 | 00594nam a2200229Ia 4500 | ||
|---|---|---|---|
| 001 | 963 | ||
| 003 | GE_BSU | ||
| 008 | 181216s||||||||xx |||||||||||||| ||und|| | ||
| 020 | _a5030035966 | ||
| 040 | _cGE_BSU | ||
| 080 | _a619(075,8):639.3.09(075.8) | ||
| 100 | _aГоловин Н.А. и др. | ||
| 245 | _aИхтиопатология | ||
| 245 | _cПод. Ред. Головиной, Н.А; Бауера. О.Н; | ||
| 260 | _aМосква | ||
| 260 | _b,,Мир | ||
| 260 | _c2007 | ||
| 300 | _a448 с. | ||
| 541 | _h80 л. | ||
| 653 | _aИхтиопатология | ||
| 942 | _cBK | ||
| 999 |
_c35122 _d35122 |
||